000 00520nam a2200169Ia 4500
008 180921t2014 xxu||||| |||| 00| 0 sin d
041 _asin
080 _aX32
_bALA
100 _aAlahakoon, M.J.
245 _aශ්‍රී ලංකා ආණ්ඩුක්‍රම ව්‍යවස්ථා සංග්‍රහය
246 _aSri Lanka Andukrama Viyawastha Sangrahaya
260 _bAuthor
_aBaduragoda
_c2014
300 _b90p, 20cm
942 _cBK
999 _c233
_d233
003 LK-CoDNM
040 _aLK-CoDNM
_dLK-CoDNM
_eLK-CoDNM